Normal view
MARC view
- Toth, Viktor
Entry Personal Name
001 - CONTROL NUMBER
- control field: 112998
003 - CONTROL NUMBER IDENTIFIER
- control field: NUST
005 - DATE AND TIME OF LATEST TRANSACTION
- control field: 20230605172236.0
008 - FIXED-LENGTH DATA ELEMENTS
- fixed length control field: 230605|| aca||aabn | a|a d
040 ## - CATALOGING SOURCE
- Original cataloging agency: NUST
- Transcribing agency: NUST
100 ## - HEADING--PERSONAL NAME
- Personal name: Toth, Viktor
670 ## - SOURCE DATA FOUND
- Source citation: Work cat.: (NUST)175234: Toth, Viktor, Programming Windows 98/NT unleashed /, c1998.
